000 00286nam a22001217a 4500
020 _a9788176221993
082 _a637.1
_bVEN/PR
100 _aVenkateshwara Rao, P
_9373
245 _aPrinciples of Dairy Management
260 _aDelhi
_bBiotech Books
_c2013
300 _a274
942 _cBK
999 _c14280
_d14280